Word Ladder: Earth's Beating Heart Quiz Stats

Quiz Updated Jan 6, 2016

Challenge
Share
Tweet
Embed
Score 0/24 Timer 02:00
1 Play Today
Clue 4-Letter Word % Correct
🌐 Central part of the Earth 🌐🌐 CORE 🌐
95.5%
🌐 Fe, in chemistry 🌐🌐 IRON 🌐
95.4%
Born with a Y chromosomeMALE
95.1%
Vegetarian's no-noMEAT
93.5%
Spot on the skin; burrowing animalMOLE
93.4%
🌐 What you feel in the summer 🌐🌐 HEAT 🌐
92.6%
🌐 To go from one position to another 🌐🌐 MOVE 🌐
91.1%
Female equineMARE
90.9%
🌐 Become liquefied 🌐🌐 MELT 🌐
90.6%
Herbivore which hopsHARE
90.3%
Small sheltered bayCOVE
90.3%
Cow collectionHERD
90%
Clue 4-Letter Word % Correct
Singer ____ JaggerMICK
89.2%
Solid, firm; nearly unsolvableHARD
88.3%
Cereal companionMILK
87.5%
Big part of an Easter Island sculptureHEAD
87.4%
🌐 Large stone; music genre 🌐🌐 ROCK 🌐
84.8%
Disney sci-fi film of 1982TRON
83.2%
To treat with contempt or ridiculeMOCK
82.8%
Gentle in temper and dispositionMILD
81.2%
Masked woods animal, informallyCOON
80.2%
Common syrup sourceCORN
79.6%
Vulcan mind ____: Spock's skillMELD
79.1%
Roger or Jessica RabbitTOON
78.5%

Today's Daily Dose

Missing Word
For Dummies Books

Word Ladder
Ariana Grande

Quick Pick
1970s Authors

On This Day
June 21st II

You're not logged in!

Compare scores with friends on all Sporcle quizzes.
Join for Free
OR
Log In

You Might Also Like...

Show Comments

Extras

Top Quizzes Today


Score Distribution

Your Account Isn't Verified!

In order to create a playlist on Sporcle, you need to verify the email address you used during registration. Go to your Sporcle Settings to finish the process.

Report this User

Report this user for behavior that violates our Community Guidelines.

Details: